[Event "TCh-FRA Top 12 2017"]
[Site "Chartres FRA"]
[Date "2017.05.27"]
[Round "10.1"]
[White "Decosse,J"]
[Black "Ider,B"]
[Result "0-1"]
[WhiteElo "2216"]
[BlackElo "2456"]

1.d4 e6 2.c4 Bb4+ 3.Nc3 f5 4.e3 Nf6 5.Ne2 b6 6.a3 Bd6 7.d5 O-O 8.g3 e5 9.Bg2
a5 10.Nb5 Na6 11.Nxd6 cxd6 12.a4 Nc5 13.O-O Qe7 14.b3 Ba6 15.Ba3 Rac8 16.Rc1
e4 17.h4 Ng4 18.Nf4 Ne5 19.f3 exf3 20.Bxf3 Rce8 21.Bxc5 dxc5 22.Qc2 Bc8
23.Rce1 d6 24.Qg2 Qf6 25.e4 Nxf3+ 26.Qxf3 Qd4+ 27.Qe3 fxe4 28.Kh2 Bg4 29.Rf2
h6 30.Kg2 g5 31.hxg5 hxg5 32.Ne6 Rxf2+ 33.Kxf2 Qf6+ 34.Kg2 Bf3+ 35.Kg1 g4
36.Qf4 Qxf4 37.Nxf4 Kg7 38.Kf2 Kf6 39.Ke3 Rh8 40.Rf1 Rh2 41.Rf2 Rh1 42.Rb2 Kf5
43.Ne6 Rd1 44.Nf4 Re1+ 45.Kf2 Rc1 46.Ke3 Rh1 47.Ne6 Rh3 48.Nd8 Rxg3 49.Rf2 Kf6
{#R} 0-1

[Event "chess.com Speed 1m+1spm 2017"]
[Site "chess.com INT"]
[Date "2017.05.24"]
[Round "1.20"]
[White "Karjakin,Sergey"]
[Black "Meier,Geo"]
[Result "1-0"]
[WhiteElo "2783"]
[BlackElo "2630"]

1.d4 e6 2.Bf4 Nf6 3.e3 d5 4.c4 Bd6 5.Bxd6 cxd6 6.Nc3 dxc4 7.Bxc4 O-O 8.Nf3 a6
9.O-O b5 10.Bd3 Bb7 11.Qe2 Nbd7 12.a4 b4 13.Nb1 a5 14.Nbd2 d5 15.Rac1 Qb6
16.Nb3 Rfc8 17.Bb5 Bc6 18.Bxc6 Rxc6 19.g3 h6 20.Nfd2 e5 21.dxe5 Nxe5 22.Nd4
Rcc8 23.N2f3 Nc4 24.b3 Nd6 25.Nd2 Rc5 26.Rxc5 Qxc5 27.Qd3 Nfe4 28.Nxe4 dxe4
29.Qe2 g6 30.Rd1 h5 31.h4 Ra7 32.Kg2 Ra8 33.Qd2 Nf5 34.Nb5 Qe5 35.Qd5 Qxd5
36.Rxd5 Rc8 37.Nd4 Nxd4 38.exd4 Rc3 39.Rxa5 e3 40.Rb5 exf2 41.Rxb4 Rxg3+
42.Kxf2 Rh3 43.a5 Rxh4 44.a6 {#r} 1-0

[Event "36th Zalakaros Open 2017"]
[Site "Zalakaros HUN"]
[Date "2017.05.23"]
[Round "6.9"]
[White "Zubov,A UKR"]
[Black "Chernyshov,K"]
[Result "1-0"]
[WhiteElo "2604"]
[BlackElo "2485"]

1.d4 e6 2.c4 b6 3.Nc3 Bb7 4.a3 f5 5.Bf4 Nf6 6.e3 Be7 7.d5 O-O 8.Nf3 Ne4 9.Nxe4
fxe4 10.Nd2 exd5 11.cxd5 Bxd5 12.Qc2 c5 13.Nxe4 Nc6 14.Bg3 Bf7 15.Nd6 Bg6
16.Qd2 Bf6 17.Be2 Qe7 18.O-O Be5 19.Rad1 Bxg3 20.hxg3 Rab8 21.Qd5+ Kh8 22.Bd3
Bxd3 23.Rxd3 Ne5 24.Qe4 Qe6 25.Rd5 Ng4 26.Rd2 Qxe4 27.Nxe4 Rbe8 28.Nd6 Re6
29.e4 Ne5 30.f3 a6 31.Rfd1 Nc6 32.Rd5 Ne7 33.R5d2 Nc6 34.g4 g6 35.Rd5 Ne7
36.R5d2 Nc6 37.Nc4 Nd4 38.Ne3 Kg7 39.Nd5 Rc6 40.Kf2 b5 41.Nc3 d6 42.Ne2 Nxe2
43.Kxe2 Rd8 44.Rd5 c4 45.Kd2 Rb8 46.Kc3 Rbb6 47.Kb4 h6 48.R1d4 Kf7 49.Rd1 Kg7
50.Ka5 Kf7 51.f4 Kg7 52.g3 Kf7 53.R5d4 Kg7 54.Kb4 Kf7 55.Kc3 a5 56.Kc2 b4
57.a4 Ke7 58.Rd5 Rc5 59.Rxc5 dxc5 60.e5 Ke6 61.Rh1 Kd5 62.Rxh6 Kd4 63.Rh1 b3+
64.Kb1 c3 65.bxc3+ Kxc3 66.f5 c4 67.f6 Rb8 68.f7 b2 69.Rh2 {#r} 1-0

[Event "36th Zalakaros Open 2017"]
[Site "Zalakaros HUN"]
[Date "2017.05.26"]
[Round "9.48"]
[White "Rahul,Srivatshav P"]
[Black "Varga,Kl"]
[Result "1-0"]
[WhiteElo "2303"]
[BlackElo "2240"]

1.d4 e6 2.Bf4 c5 3.e3 Nf6 4.Nf3 b6 5.c3 Bb7 6.Bd3 cxd4 7.exd4 d6 8.O-O Nbd7
9.Qe2 Be7 10.h3 a6 11.Nbd2 O-O 12.a4 Re8 13.Bh2 Bf8 14.Rad1 Qc7 15.Rfe1 Qc6
16.Bc2 e5 17.Qf1 e4 18.d5 Qxd5 19.Nxe4 Qh5 20.Nxd6 Bxd6 21.Bxd6 Bxf3 22.gxf3
Qxf3 23.Qg2 Qh5 24.Kh1 Rac8 25.Be7 b5 26.Re3 b4 27.Bxb4 Rxe3 28.fxe3 Re8
29.Re1 Ne5 30.Rf1 Neg4 31.Bd1 Re4 32.Rxf6 gxf6 33.Bxg4 Qg6 34.Be2 Qxg2+
35.Kxg2 Rxe3 36.Bxa6 {#r} 1-0

[Event "10th KIIT Elite Open 2017"]
[Site "Bhubaneswar IND"]
[Date "2017.05.28"]
[Round "4.2"]
[White "Chakravarthi Reddy,M"]
[Black "Rahman,Zia"]
[Result "0-1"]
[WhiteElo "2226"]
[BlackElo "2526"]

1.d4 e6 2.Nf3 c5 3.c4 cxd4 4.Nxd4 a6 5.g3 Qc7 6.Nd2 Nc6 7.N2f3 Nf6 8.Bg2 Bb4+
9.Bd2 Bxd2+ 10.Qxd2 Ne4 11.Qe3 Qa5+ 12.Kf1 f5 13.a3 O-O 14.b4 Qc7 15.Rc1 a5
16.Nb5 Qd8 17.Nd2 Nf6 18.Bf3 axb4 19.axb4 e5 20.Bd5+ Kh8 21.Nd6 Qe7 22.Qc5 b6
23.Nxc8 Raxc8 24.Qxe7 Nxe7 25.Kg2 e4 26.Bb7 Rc7 27.Ba6 Nc6 28.b5 Ne5 29.Rhd1
Rb8 30.f4 exf3+ 31.exf3 Nd3 32.Rc3 Nc5 33.Nb3 Nxb3 34.Rxb3 Rxc4 35.Rd6 Rc2+
36.Kh3 Kg8 37.Re3 Kf7 38.Re5 Rc5 39.Rxb6 Rxb6 40.Rxc5 Ke6 41.Kg2 Nd5 42.Rc8 h6
43.Re8+ Kd6 44.Rg8 g5 45.Rh8 Ke5 46.Rh7 Rd6 47.Kf2 Nb6 48.Re7+ Kf6 49.Re2 Rd3
50.Rc2 Ke5 51.Ke2 Ra3 52.Rc5+ Kd4 53.Rxf5 Ra2+ 54.Kf1 Nd5 55.Rf7 Ne3+ 56.Kg1
d5 57.Rf8 Ra1+ 58.Kf2 Kd3 59.b6+ Rxa6 60.b7 Ra2+ 61.Kg1 Ra1+ {#R} 0-1

[Event "Bodensee Open 2017"]
[Site "Bregenz AUT"]
[Date "2017.05.26"]
[Round "7.10"]
[White "Rogozenco,Teodora"]
[Black "Dittmar,P"]
[Result "0-1"]
[WhiteElo "2139"]
[BlackElo "2294"]

1.d4 c6 2.c4 b5 3.cxb5 cxb5 4.e4 Bb7 5.Bd3 e6 6.Nf3 Nf6 7.e5 Nd5 8.O-O a6
9.Ng5 g6 10.Ne4 Be7 11.Qg4 f5 12.exf6 Nxf6 13.Nxf6+ Bxf6 14.Bh6 Nc6 15.Nc3
Nxd4 16.Rfd1 Nf5 17.Bxf5 gxf5 18.Qh5+ Ke7 19.Bf4 Qg8 20.g3 Qg6 21.Qe2 Bc6
22.Nd5+ Bxd5 23.Rxd5 Rhc8 24.Qe3 Rc6 25.Rad1 Rd8 26.Rd6 Qh5 27.R1d2 Qe8 28.Qa3
Rxd6 29.Bxd6+ Kf7 30.Qxa6 Ra8 31.Qb7 Qc8 32.Qxc8 Rxc8 33.Kg2 Rc6 34.a3 e5
35.Bb4 Ke6 36.Kf3 d5 37.Ke2 d4 38.Kd1 Kd5 39.b3 e4 40.Ra2 d3 41.Bd2 Bd4 42.Be3
Bc3 43.Bf4 Ra6 44.Bg5 Bb4 45.Bc1 Bc5 46.Ke1 Bd6 47.Kd1 Bc7 48.Bd2 Rf6 49.Bg5
Rg6 50.Bd2 Bb6 51.Be3 Bd4 52.Kd2 Rc6 53.Kd1 h5 54.h4 Be5 55.Kd2 Rc8 56.Bg5 Bd6
57.Kd1 Rc3 58.a4 Rxb3 59.a5 Rb1+ 60.Bc1 Bf8 61.Kd2 Bb4+ {#R} 0-1

[Event "Deltalift Open 2017"]
[Site "Tylosand SWE"]
[Date "2017.05.25"]
[Round "3.7"]
[White "Sjodahl,P"]
[Black "Ivarsson,T"]
[Result "1-0"]
[WhiteElo "2413"]
[BlackElo "2138"]

1.d4 e6 2.c4 b6 3.e4 Bb7 4.Bd3 Bb4+ 5.Kf1 Bf8 6.Nc3 g6 7.Be3 Bg7 8.Qd2 d6
9.Nge2 Nd7 10.h3 a6 11.Rd1 Qe7 12.Kg1 O-O-O 13.b4 f5 14.f3 Ngf6 15.a4 c5
16.bxc5 dxc5 17.d5 a5 18.Nb5 Ne8 19.Bf4 Ba6 20.Na7+ {#r} 1-0

[Event "26th Chicago Open 2017"]
[Site "Chicago USA"]
[Date "2017.05.26"]
[Round "3.22"]
[White "Kogen,Jonathan S"]
[Black "Blatny,P"]
[Result "0-1"]
[WhiteElo "2212"]
[BlackElo "2392"]
[EventType "swiss"]

1.d4 b6 2.e4 Bb7 3.Bd3 e6 4.c4 f5 5.exf5 Bb4+ 6.Kf1 Nf6 7.Nf3 O-O 8.c5 bxc5
9.a3 Ba5 10.dxc5 Ne4 11.Qc2 Nxc5 12.Qxc5 Bb6 13.Qc2 Nc6 14.Be3 exf5 15.Bxf5
Qf6 16.Bxh7+ Kh8 17.Be4 d5 18.Bxd5 Nb4 19.axb4 Bxd5 20.Nfd2 Rac8 21.Bxb6 Qxb6
22.Qc5 Qe6 {#R} 0-1

[Event "4th Gligoric Cup 2017"]
[Site "Novi Banovci SRB"]
[Date "2017.05.26"]
[Round "2.7"]
[White "Petrusic,V"]
[Black "Petakov,U"]
[Result "0-1"]
[WhiteElo "2150"]
[BlackElo "2346"]

1.d4 b5 2.Nf3 Bb7 3.Bf4 Nf6 4.e3 a6 5.a4 b4 6.Nbd2 e6 7.Bd3 c5 8.O-O cxd4
9.exd4 Be7 10.Nc4 d6 11.a5 Nc6 12.c3 O-O 13.Qa4 Rb8 14.Rfe1 Nd5 15.Bd2 Bf6
16.Qc2 g6 17.Bh6 Re8 18.Qd2 Rc8 19.h4 bxc3 20.bxc3 Nxc3 21.Qxc3 d5 22.Nb6 Nxd4
23.Qa3 Nxf3+ 24.gxf3 Rc3 25.Qb4 Rxd3 26.Rad1 Rxf3 27.Nc4 Bc3 28.Qa4 Bxe1
29.Nd6 Re7 30.Ne4 Qxa5 31.Qd4 e5 32.Qa7 Qa4 33.Rc1 Qd7 34.Ng5 Bxf2+ {#R} 0-1

[Event "TCh-FRA Top 12 2017"]
[Site "Chartres FRA"]
[Date "2017.05.28"]
[Round "11.2"]
[White "Ouakhir,M"]
[Black "Brunner,N"]
[Result "0-1"]
[WhiteElo "2277"]
[BlackElo "2459"]

1.d4 d6 2.c4 e5 3.Nc3 exd4 4.Qxd4 Nc6 5.Qd2 Nf6 6.b3 a5 7.Bb2 a4 8.Rd1 axb3
9.axb3 g6 10.g3 Bg7 11.Bg2 O-O 12.e4 Nd7 13.Nge2 Nc5 14.Nc1 Nd4 15.b4 Bh3
16.O-O Nce6 17.f4 Bxg2 18.Kxg2 f5 19.N1e2 c6 20.Nxd4 Nxd4 21.exf5 Nxf5 22.g4
Nd4 23.Qf2 Ne6 24.Kg3 Nxf4 25.Ne4 Nh5+ 26.gxh5 Rxf2 27.Rxf2 Bxb2 28.Rxb2 Qe7
29.Re2 gxh5 30.Rxd6 Kh8 31.c5 Rf8 32.h4 Qe5+ 33.Kg2 Qf4 {#R} 0-1

[Event "6th CHN w Masters 2017"]
[Site "Wuxi CHN"]
[Date "2017.05.29"]
[Round "3.3"]
[White "Yuan,Ye"]
[Black "Huang Qian"]
[Result "0-1"]
[WhiteElo "2317"]
[BlackElo "2444"]

1.d4 d6 2.Nf3 g6 3.c4 Bg7 4.g3 e5 5.Nc3 exd4 6.Nxd4 Ne7 7.Bg2 Nbc6 8.Nc2 O-O
9.O-O Ne5 10.Ne3 Nf5 11.Nxf5 Bxf5 12.Bxb7 Rb8 13.Bg2 Nxc4 14.e4 Be6 15.Qc2 c5
16.Rb1 Qa5 17.Na4 Na3 18.bxa3 Rxb1 19.Qxb1 Qxa4 20.Bf4 Rd8 21.Rd1 Bxa2 22.Qd3
c4 23.Qf3 c3 24.e5 Bxe5 25.Re1 c2 26.Bc1 Rb8 {#R} 0-1

[Event "4th Gligoric Cup 2017"]
[Site "Novi Banovci SRB"]
[Date "2017.05.27"]
[Round "4.4"]
[White "Irizanin,R"]
[Black "Ivkovic,Dragan B"]
[Result "1-0"]
[WhiteElo "2355"]
[BlackElo "2039"]

1.d4 d6 2.Nf3 g6 3.Nbd2 Bg7 4.e4 Nf6 5.c3 O-O 6.Bd3 Bg4 7.h3 Bxf3 8.Nxf3 Nc6
9.O-O e5 10.dxe5 Nxe5 11.Nxe5 dxe5 12.Bc2 Qe7 13.Qf3 h6 14.a4 a5 15.b3 Rfd8
16.Bd3 Nh5 17.Bc4 Qf6 18.Qxf6 Nxf6 19.f3 Rd7 20.Be3 Rad8 21.Be2 Nh5 22.Rfd1
Nf4 23.Rxd7 Nxe2+ 24.Kf2 Rxd7 25.Kxe2 Bf8 26.Rd1 Rxd1 27.Kxd1 f5 28.Ke2 Kf7
29.Kd3 Ke6 30.Kc4 b6 31.b4 axb4 32.cxb4 Kd7 33.a5 bxa5 34.bxa5 Kc6 35.a6 Ba3
36.a7 Kb7 37.exf5 gxf5 38.g4 f4 39.Bf2 c6 40.h4 Be7 41.h5 Bf8 42.Kd3 c5 43.Ke4
c4 44.Kxe5 c3 45.Kxf4 c2 46.Be3 Ba3 47.Kf5 c1=Q 48.Bxc1 Bxc1 49.f4 Kxa7 50.g5
hxg5 51.fxg5 Kb7 52.g6 Bh6 53.Kf6 {#r} 1-0

[Event "TCh-FRA Top 12 2017"]
[Site "Chartres FRA"]
[Date "2017.05.27"]
[Round "10.2"]
[White "Le Roux,JP"]
[Black "Sulava,N"]
[Result "1-0"]
[WhiteElo "2538"]
[BlackElo "2468"]

1.e4 e6 2.d4 c5 3.d5 exd5 4.exd5 d6 5.Nf3 Nf6 6.Bd3 Be7 7.O-O O-O 8.c4 Re8
9.h3 Nbd7 10.Nc3 Nf8 11.Re1 Ng6 12.Bg5 Bd7 13.Qd2 h6 14.Be3 Bf8 15.a3 Rb8
16.b4 b6 17.Re2 Ne5 18.Nxe5 Rxe5 19.Rae1 Re8 20.Bf4 Rxe2 21.Rxe2 Qc7 22.Re3
Kh8 23.Rf3 Ng8 24.g4 cxb4 25.axb4 a5 26.b5 f6 27.Re3 Ra8 28.Na4 Ne7 29.Qb2 Be8
30.Qd4 Rb8 31.Re6 Ng6 32.Rxe8 Rxe8 33.Bxg6 Re1+ 34.Kg2 Qe7 35.Be3 {#r} 1-0

[Event "4th Gligoric Cup 2017"]
[Site "Novi Banovci SRB"]
[Date "2017.05.25"]
[Round "1.4"]
[White "Janjic,Stefan"]
[Black "Solomunovic,I"]
[Result "0-1"]
[WhiteElo "2129"]
[BlackElo "2402"]

1.d4 Nf6 2.Nf3 c5 3.d5 g6 4.Nc3 Bg7 5.e4 d6 6.Bb5+ Bd7 7.Bxd7+ Nfxd7 8.O-O O-O
9.Qd3 Na6 10.a3 Nc7 11.Bg5 h6 12.Bc1 Rb8 13.a4 a6 14.a5 b6 15.axb6 Rxb6 16.Nd1
Re8 17.c3 e6 18.Ne3 exd5 19.exd5 Nf6 20.Nd2 Qd7 21.Rd1 Rbb8 22.Ndc4 Nh5 23.Nf1
f5 24.Ng3 Nf6 25.Bf4 Bf8 26.h4 h5 27.Rd2 Kf7 28.Nf1 Re4 29.g3 Nfxd5 30.Bxd6
Bxd6 31.Nxd6+ Qxd6 32.Ne3 Rxe3 33.Qxe3 Qc6 34.Qh6 Nf6 35.Rad1 Re8 36.Rd7+ Nxd7
37.Qh7+ Kf6 38.Qxd7 Re1+ {#R} 0-1

[Event "4th Gligoric Cup 2017"]
[Site "Novi Banovci SRB"]
[Date "2017.05.27"]
[Round "4.7"]
[White "Stamenkovic,A"]
[Black "Cetkovic,Mi"]
[Result "0-1"]
[WhiteElo "2206"]
[BlackElo "2186"]

1.d4 c5 2.d5 e5 3.e4 d6 4.Nf3 g6 5.Nc3 Bg7 6.Bd3 Nf6 7.O-O O-O 8.Bg5 h6 9.Bh4
g5 10.Bg3 Nh5 11.Nd2 Nf4 12.Nc4 a6 13.a4 b6 14.Ra3 Qc7 15.h4 Nd7 16.hxg5 hxg5
17.Qg4 Nf6 18.Qxg5 Nh7 19.Qh4 Ng6 20.Qh5 Bd7 21.Ne3 Nf6 22.Qh2 Rfe8 23.Nf5 c4
24.Be2 b5 25.axb5 axb5 26.Rxa8 Rxa8 27.Bh4 b4 28.Nxg7 Kxg7 29.Bxf6+ Kxf6
30.Nd1 Rh8 31.Qg3 Nf4 32.Re1 Qc5 33.c3 Rh6 34.Qe3 Qc8 35.g3 Qh8 36.Bf3 Nd3
37.Re2 Bg4 38.cxb4 Nxb4 39.Rd2 Nd3 40.b3 Ne1 {#R} 0-1

[Event "TCh-FRA Top 12 2017"]
[Site "Chartres FRA"]
[Date "2017.05.24"]
[Round "7.4"]
[White "Touzane,O"]
[Black "Bacrot,E"]
[Result "0-1"]
[WhiteElo "2277"]
[BlackElo "2696"]

1.d4 Nf6 2.Bf4 b6 3.e3 e6 4.Be2 Bb7 5.Bf3 d5 6.Nd2 c5 7.c3 Be7 8.Ne2 Nc6 9.O-O
h6 10.h3 O-O 11.Re1 Rc8 12.Bh2 Re8 13.Qa4 a6 14.Rad1 b5 15.Qc2 Qb6 16.Qb1 Bf8
17.a3 e5 18.dxc5 Bxc5 19.b4 Bf8 20.e4 dxe4 21.Nxe4 Nxe4 22.Bxe4 Rcd8 23.Qb3
Rxd1 24.Rxd1 Rd8 25.Rxd8 Nxd8 26.Qc2 Qe6 27.Bg3 Bxe4 28.Qxe4 Nc6 29.f3 g6
30.Nc1 f5 31.Qe2 Bg7 32.a4 Qd5 33.axb5 axb5 34.Qa2 Qxa2 35.Nxa2 Kf7 36.Kf1 Ke6
37.Ke2 Kd5 38.Kd3 e4+ 39.fxe4+ fxe4+ 40.Kc2 Kc4 41.Bf2 Ne7 42.Be1 Nd5 43.g3 h5
44.Bd2 e3 45.Be1 g5 46.g4 h4 47.Nc1 Bxc3 48.Bxc3 Nxc3 49.Nd3 Ne4 50.Ne5+ Kxb4
{#R} 0-1

[Event "TCh-FRA Top 12 2017"]
[Site "Chartres FRA"]
[Date "2017.05.24"]
[Round "7.5"]
[White "Colin,V"]
[Black "Battaglini,G"]
[Result "0-1"]
[WhiteElo "2381"]
[BlackElo "2475"]

1.d4 Nf6 2.Bf4 e6 3.e3 g6 4.h4 Bg7 5.g4 h5 6.g5 Nd5 7.Bg3 c5 8.c3 cxd4 9.exd4
Nc6 10.Nd2 Nce7 11.Bd6 Nf5 12.Ba3 Bf8 13.Bxf8 Kxf8 14.Qf3 b5 15.Ne2 Bb7 16.Bg2
Rb8 17.Qh3 Qc7 18.Kf1 b4 19.Be4 bxc3 20.bxc3 Ba6 21.Bd3 Nde3+ 22.fxe3 Bxd3
23.Kf2 Rb2 24.Rhd1 Bxe2 25.Kxe2 Qxc3 26.Rab1 Nxd4+ 27.Ke1 Qd3 {#R} 0-1

[Event "TCh-FRA Top 12 2017"]
[Site "Chartres FRA"]
[Date "2017.05.25"]
[Round "8.2"]
[White "Wirig,A"]
[Black "Decosse,J"]
[Result "1-0"]
[WhiteElo "2486"]
[BlackElo "2216"]

1.d4 Nf6 2.Bg5 c5 3.Bxf6 gxf6 4.d5 Qb6 5.Qc1 f5 6.g3 Bg7 7.c3 Na6 8.Bg2 Nc7
9.Nd2 e6 10.Nc4 Qa6 11.Ne3 O-O 12.Nh3 Rb8 13.Nf4 Bh6 14.Qd2 e5 15.Nxf5 Qf6
16.Nxh6+ Qxh6 17.d6 Na6 18.Nd5 Qxd2+ 19.Kxd2 b5 20.f4 exf4 21.Raf1 fxg3
22.hxg3 f5 23.Ne7+ {#r} 1-0

[Event "TCh-FRA Top 12 2017"]
[Site "Chartres FRA"]
[Date "2017.05.26"]
[Round "9.5"]
[White "Naiditsch,A"]
[Black "Areshchenko,A"]
[Result "1-0"]
[WhiteElo "2700"]
[BlackElo "2677"]

1.d4 Nf6 2.Bf4 c5 3.d5 d6 4.Nc3 e5 5.Bd2 g6 6.e4 Bg7 7.Be2 Na6 8.h4 h5 9.Nf3
Nc7 10.Ng5 O-O 11.a4 Bd7 12.Nb5 Nxb5 13.axb5 a6 14.bxa6 bxa6 15.Ra5 Bh6 16.Qa1
Qb6 17.f3 Ne8 18.Ra3 Nc7 19.g4 f6 20.Ba5 Qa7 21.Bxc7 Qxc7 22.Ne6 Bxe6 23.dxe6
a5 24.Bc4 Kh7 25.Rg1 Bf4 26.gxh5 gxh5 27.Ke2 Rg8 28.Rb3 Rxg1 29.Qxg1 Ra7
30.Qg2 a4 31.e7 Qxe7 32.Rb8 Qg7 33.Qh3 a3 34.bxa3 Kh6 35.Rg8 Qd7 36.Rh8+ Kg7
37.Qg2+ Bg5 38.Rg8+ {#r} 1-0

[Event "TCh-FRA Top 12 2017"]
[Site "Chartres FRA"]
[Date "2017.05.27"]
[Round "10.1"]
[White "Colin,V"]
[Black "Heimann,An"]
[Result "0-1"]
[WhiteElo "2381"]
[BlackElo "2573"]

1.d4 Nf6 2.Bf4 g6 3.Nc3 d5 4.e3 Bg7 5.Nb5 Na6 6.Nf3 O-O 7.h4 h5 8.Ne5 c5 9.c3
cxd4 10.exd4 Nb8 11.Bd3 a6 12.Na3 Nc6 13.Qe2 Qa5 14.Nc2 Ne4 15.Nxc6 bxc6
16.Bxe4 dxe4 17.Qxe4 Bf5 18.Qe2 c5 19.dxc5 Rfd8 20.O-O Bd3 21.Qxe7 Re8 22.Qb7
Bxc2 23.Qb6 Qa4 24.Bg3 Re6 25.Qc7 Rae8 26.b3 Qg4 27.Rac1 Re2 28.f3 Qe6 29.Rf2
Qe3 30.Qf4 Bh6 {#R} 0-1

[Event "TCh-FRA Top 12 2017"]
[Site "Chartres FRA"]
[Date "2017.05.28"]
[Round "11.4"]
[White "Laznicka,V"]
[Black "Areshchenko,A"]
[Result "1-0"]
[WhiteElo "2672"]
[BlackElo "2677"]

1.d4 Nf6 2.Bg5 d5 3.e3 c5 4.c3 Nc6 5.Nd2 cxd4 6.exd4 Bf5 7.Ngf3 e6 8.Nh4 Bg6
9.Nxg6 hxg6 10.Bd3 Be7 11.Qe2 Nh5 12.Bxe7 Qxe7 13.g3 Qc7 14.Nf3 Nf6 15.h4 a6
16.O-O Ne7 17.Ne5 Nd7 18.Nf3 Nf5 19.Kg2 O-O-O 20.Rac1 Kb8 21.Rfd1 Rhe8 22.Re1
Ka7 23.b3 Rc8 24.c4 dxc4 25.bxc4 Nf6 26.Rb1 Red8 27.Qb2 Rb8 28.Bf1 Rd6 29.c5
Rdd8 30.Qa3 Nd5 31.Rb3 g5 32.hxg5 Rh8 33.Reb1 Qc6 34.Rb6 Nxb6 35.cxb6+ Ka8
36.Bxa6 Qd6 37.Qa4 {#r} 1-0

[Event "TCh-FRA Top 12 2017"]
[Site "Chartres FRA"]
[Date "2017.05.28"]
[Round "11.4"]
[White "Wirig,A"]
[Black "Congiu,M"]
[Result "1-0"]
[WhiteElo "2486"]
[BlackElo "2248"]

1.d4 Nf6 2.Bg5 Ne4 3.Bf4 d5 4.e3 c5 5.Bd3 cxd4 6.exd4 Nc6 7.Ne2 Bf5 8.O-O e6
9.c3 Bd6 10.f3 Bxf4 11.Nxf4 Nd6 12.Qe2 O-O 13.Bxf5 Nxf5 14.Nd3 b5 15.a3 a5
16.Nd2 b4 17.a4 Rb8 18.Qf2 Nd6 19.Rfb1 Qf6 20.Nb3 Nc4 21.Nbc5 Qg6 22.Re1 Rfd8
23.Re2 Rb6 24.h4 bxc3 25.bxc3 Rdb8 26.Ree1 h5 27.Kh2 Kh7 28.Nf4 Qf5 29.Nfd3
Qg6 30.Rac1 Kg8 31.Re2 Rb1 32.Rxb1 Rxb1 33.Nf4 Qf5 34.Qg3 Rb2 35.Rxb2 Nxb2
36.Nd7 Kh8 37.Nh3 e5 38.Nxe5 Nxe5 39.dxe5 Nc4 40.e6 fxe6 41.Qb8+ Kh7 42.Ng5+
Kg6 43.Qe8+ Kf6 44.Qxh5 Ke7 45.Qh8 Qe5+ 46.Kh3 Ne3 47.Qc8 Nf5 48.Qb7+ Ke8
49.Qf7+ Kd8 50.Nxe6+ Kc8 51.Qe8+ Kb7 52.Nc5+ {#r} 1-0

[Event "TCh-FRA Top 12 2017"]
[Site "Chartres FRA"]
[Date "2017.05.28"]
[Round "11.6"]
[White "Colin,V"]
[Black "Naiditsch,A"]
[Result "0-1"]
[WhiteElo "2381"]
[BlackElo "2700"]

1.d4 Nf6 2.Bf4 b6 3.e3 Bb7 4.Nf3 e6 5.Nbd2 Be7 6.Bd3 Nh5 7.Bg3 d6 8.Qe2 a6
9.h4 Nxg3 10.fxg3 Nd7 11.g4 c5 12.a4 d5 13.c3 Qc7 14.Rh3 h6 15.e4 cxd4 16.Nxd4
Nc5 17.Bc2 dxe4 18.Nxe4 O-O-O 19.Nd2 Rd5 20.O-O-O Rhd8 21.Kb1 Kb8 22.b4 e5
23.Nf5 Ne6 24.Nxe7 Qxe7 25.g3 Qc7 26.Kb2 a5 27.bxa5 Nc5 28.Rh2 Nd3+ 29.Kb3
bxa5 30.Nc4 Ba6 {#R} 0-1

[Event "36th Zalakaros Open 2017"]
[Site "Zalakaros HUN"]
[Date "2017.05.23"]
[Round "6.52"]
[White "Risting,Eivind Olav"]
[Black "Jakab,Bela"]
[Result "0-1"]
[WhiteElo "2297"]
[BlackElo "2216"]

1.d4 Nf6 2.Bg5 e6 3.Nd2 d5 4.e4 h6 5.Bxf6 Qxf6 6.Ngf3 c5 7.c3 cxd4 8.Nxd4 Bc5
9.N4f3 O-O 10.Bd3 Nc6 11.O-O Bd7 12.Qe2 Ne5 13.exd5 Nxf3+ 14.Nxf3 exd5 15.Bc2
Bc6 16.Qd3 g6 17.b4 Bb6 18.a4 a6 19.Bb3 Rad8 20.Rfd1 Rfe8 21.Ra2 Bd7 22.Bxd5
Bf5 23.Qd2 Be4 24.c4 Bxf3 25.gxf3 Bc7 26.f4 Bxf4 27.Qd3 Qg5+ 28.Kh1 Qh5 29.f3
Kh7 30.Qd4 Qf5 31.Qd3 Re1+ 32.Rxe1 Qxd3 33.Kg2 Rd7 34.b5 Qb3 35.Ree2 axb5
36.axb5 Rxd5 37.cxd5 Qxb5 {#R} 0-1

[Event "10th KIIT Elite Open 2017"]
[Site "Bhubaneswar IND"]
[Date "2017.05.29"]
[Round "6.27"]
[White "Prasant,N Nayagam"]
[Black "Saurabh,Anand"]
[Result "0-1"]
[WhiteElo "2087"]
[BlackElo "2266"]

1.d4 Nf6 2.Bf4 e6 3.e3 c5 4.c3 d5 5.Nd2 Nc6 6.Bd3 Bd6 7.Bxd6 Qxd6 8.f4 O-O
9.a3 b6 10.Ngf3 a5 11.Qe2 Ne8 12.g4 f5 13.O-O c4 14.Bc2 b5 15.Ne5 Ne7 16.g5
Rb8 17.Rf3 Nc6 18.Rh3 g6 19.Ndf3 b4 20.axb4 axb4 21.Qf2 Nxe5 22.Nxe5 b3 23.Qh4
Qc7 24.Bd1 Qg7 25.Nc6 Rb6 26.Ra7 Rf7 27.Rxf7 Qxf7 28.Ne5 Qg7 29.Qf2 Nd6 30.Bf3
Ra6 31.Qd2 Ra1+ 32.Kf2 Qa7 33.Rg3 Qa2 34.Rg1 Rxg1 35.Kxg1 Qb1+ 36.Kf2 Nb5
37.Nc6 Kf7 38.Nb4 Bb7 39.h4 Nd6 40.h5 Nc8 41.hxg6+ hxg6 42.Bd1 Kg8 43.Kg3 Nb6
44.Bf3 Na4 45.Qh2 Qe1+ 46.Qf2 Qxf2+ 47.Kxf2 Nxc3 48.Ke1 Na4 49.Kd2 Nxb2 50.Be2
Na4 51.Bf1 Kf8 52.Kc1 Ke7 53.Kd2 Kd7 54.Kc1 Kc7 55.Nc2 bxc2 56.Kxc2 Kb6 57.Be2
Bc6 58.Bf3 Kb5 59.Be2 Kb4 60.Bf3 c3 {#R} 0-1

[Event "Deltalift Open 2017"]
[Site "Tylosand SWE"]
[Date "2017.05.25"]
[Round "2.2"]
[White "Tikkanen,H"]
[Black "Andersson,Ro"]
[Result "1-0"]
[WhiteElo "2504"]
[BlackElo "2088"]

1.d4 Nf6 2.Bf4 d5 3.e3 c5 4.c3 Nc6 5.Nf3 Qb6 6.Qb3 c4 7.Qxb6 axb6 8.Na3 e5
9.Nb5 Ra5 10.Nc7+ Kd7 11.dxe5 Nh5 12.Nxd5 Rxd5 13.Bxc4 Nxf4 14.exf4 Rc5
15.Bxf7 Be7 16.Nd4 Rf8 17.Be6+ Ke8 18.Bxc8 Nxd4 19.cxd4 Rxc8 20.g3 Bb4+ 21.Ke2
g5 22.Rac1 Rxc1 23.Rxc1 gxf4 24.a3 Be7 25.Rc7 fxg3 26.hxg3 h5 27.Rxb7 h4
28.Rxb6 hxg3 29.fxg3 Bd8 30.Rb7 Rh8 31.Kf3 Rh1 32.Ke4 {#r} 1-0

[Event "Deltalift Open 2017"]
[Site "Tylosand SWE"]
[Date "2017.05.27"]
[Round "8.4"]
[White "Ziegler,A"]
[Black "Westerberg,J"]
[Result "0-1"]
[WhiteElo "2317"]
[BlackElo "2460"]

1.d4 Nf6 2.Bf4 c5 3.e3 Qb6 4.Nc3 d6 5.a3 g6 6.Bg5 Nbd7 7.Bb5 Bg7 8.Bxf6 exf6
9.dxc5 dxc5 10.Nge2 a6 11.Bxd7+ Bxd7 12.O-O Bc6 13.Nf4 O-O 14.e4 Qxb2 15.Nfd5
Bxd5 16.Nxd5 Qe5 17.Qf3 Rae8 18.Nb6 Re7 19.Nd5 Re6 20.Rae1 f5 21.exf5 Qxe1
22.fxe6 Qxe6 23.c4 b5 24.Qd1 Bd4 25.Re1 Qd6 26.Qe2 bxc4 27.Qxc4 Rd8 28.Ne3 Re8
29.h3 Re6 30.a4 Qf4 31.Qc1 h5 32.a5 Bxe3 33.fxe3 Qb4 34.Qa1 Qe4 35.Qc3 Re5
36.Re2 c4 37.Rc2 Qxe3+ 38.Qxe3 Rxe3 39.Rxc4 Ra3 40.Rc5 Kf8 41.Re5 Kg7 42.Rc5
h4 43.Kf2 Kf8 44.Rc4 Rxa5 45.Rxh4 Rc5 46.Rh8+ Ke7 47.Ra8 a5 48.h4 Ke6 49.g4
Ke5 50.Ke3 Rc3+ 51.Kd2 Ra3 52.h5 Kf4 53.h6 Rh3 54.Rxa5 Rxh6 55.g5 Rh5 56.Ra7
Rxg5 57.Rxf7+ Rf5 58.Rg7 g5 59.Ke2 Kg3 60.Ra7 g4 61.Ra1 Kg2 {#R} 0-1

[Event "26th Chicago Open 2017"]
[Site "Chicago USA"]
[Date "2017.05.25"]
[Round "1.39"]
[White "Mathur,Rithwik"]
[Black "Thavandiran,S"]
[Result "0-1"]
[WhiteElo "2073"]
[BlackElo "2363"]
[EventType "swiss"]

1.d4 Nf6 2.Bf4 g6 3.Nc3 d5 4.e3 Bg7 5.h4 O-O 6.h5 c5 7.dxc5 Qa5 8.hxg6 fxg6
9.Qd2 Qxc5 10.O-O-O Nc6 11.Nf3 Bg4 12.Na4 Qb4 13.Qxb4 Nxb4 14.a3 Nc6 15.Nc3 e5
16.Nxe5 Bxd1 17.Nxd1 Nxe5 18.Bxe5 Ne4 19.Bxg7 Kxg7 20.Be2 Nxf2 21.Nxf2 Rxf2
22.Bf3 Re8 23.Rd1 Rxe3 24.b3 Rc3 25.Rd2 Rxd2 26.Kxd2 Rxf3 {#R} 0-1

[Event "26th Chicago Open 2017"]
[Site "Chicago USA"]
[Date "2017.05.25"]
[Round "1.42"]
[White "Grabinsky,Aaron"]
[Black "Khanna,R"]
[Result "1-0"]
[WhiteElo "2351"]
[BlackElo "2061"]
[EventType "swiss"]

1.d4 Nf6 2.Bf4 e6 3.e3 Nc6 4.Nf3 Nh5 5.Bg5 Be7 6.Bxe7 Qxe7 7.Nbd2 f5 8.c4 Nf6
9.Rc1 d5 10.cxd5 Nxd5 11.Bb5 Bd7 12.O-O O-O 13.a3 Ne5 14.Nxe5 Bxb5 15.Re1 Rac8
16.b4 Rf6 17.Nb1 f4 18.e4 Nb6 19.Nc3 Be8 20.f3 Nd7 21.Nd3 Rh6 22.Nxf4 Qh4
23.Nh3 Bh5 24.Rf1 Rf8 25.Qe2 Rhf6 26.Qf2 Qxf2+ 27.Nxf2 c6 28.Na4 Rg6 29.Nh1
Bxf3 30.Ng3 Bg4 31.Rxf8+ Kxf8 32.Nc5 Nxc5 33.bxc5 h5 34.Rf1+ Ke8 35.e5 h4
36.Ne4 Bf5 37.Nd6+ Ke7 38.Rf4 h3 39.g3 b5 40.cxb6 axb6 41.Nc8+ Kd8 42.Nxb6 Rh6
43.Na4 g5 44.Rf2 Rh7 45.Nc5 Ra7 46.a4 Kc8 47.Rb2 Bg4 48.Ra2 Bf3 49.a5 Bd5
50.Ra1 Bc4 51.a6 Kb8 52.Rb1+ Bb5 53.Rb2 g4 54.Rf2 Re7 55.Rf6 Bc4 56.Kf2 Ka7
57.Ke3 Bxa6 58.Rxe6 Rf7 59.Rf6 Rg7 60.Nxa6 Kxa6 61.Rxc6+ Kb5 62.d5 Ra7 63.Rc2
Ra1 64.d6 Re1+ 65.Kf4 Rg1 66.d7 Rg2 67.Rc1 {#r} 1-0